Principles of Financial Management (Record no. 89132)
[ view plain ]
| 000 -LEADER | |
|---|---|
| fixed length control field | 00512nam a2200205Ia 4500 |
| 008 - FIXED-LENGTH DATA ELEMENTS--GENERAL INFORMATION | |
| fixed length control field | 230125s9999 xx 000 0 und d |
| 020 ## - INTERNATIONAL STANDARD BOOK NUMBER | |
| International Standard Book Number | 8176601205 |
| 041 ## - LANGUAGE CODE | |
| Language code of text/sound track or separate title | eng |
| 082 ## - DEWEY DECIMAL CLASSIFICATION NUMBER | |
| Classification number | 658.15 |
| Item number | INA |
| 100 ## - MAIN ENTRY--PERSONAL NAME | |
| Personal name | Inamdar S M |
| 9 (RLIN) | 106256 |
| 245 ## - TITLE STATEMENT | |
| Title | Principles of Financial Management |
| 250 ## - EDITION STATEMENT | |
| Edition statement | 6th ed |
| 260 ## - PUBLICATION, DISTRIBUTION, ETC. (IMPRINT) | |
| Date of publication, distribution, etc. | 2009 |
| Name of publisher, distributor, etc. | Everest Publishing house |
| Place of publication, distribution, etc. | Pune |
| 300 ## - PHYSICAL DESCRIPTION | |
| Extent | 530p |
| 500 ## - GENERAL NOTE | |
| Keywords | FM |
| 650 ## - SUBJECT ADDED ENTRY--TOPICAL TERM | |
| Topical term or geographic name as entry element | Financial Management |
| 700 ## - ADDED ENTRY--PERSONAL NAME | |
| Personal name | Inamdar S M |
| 9 (RLIN) | 106256 |
| 906 ## - LOCAL DATA ELEMENT F, LDF (RLIN) | |
| b | 109 |
| Withdrawn status | Lost status | Damaged status | Not for loan | Home library | Current library | Date acquired | Vendor | Cost, normal purchase price | Bill number | Full call number | Barcode | Date last seen | Cost, replacement price | Bill Date | Koha item type | Original Barcode |
|---|---|---|---|---|---|---|---|---|---|---|---|---|---|---|---|---|
| Withdrawn 2022-23 | Smt. Hiraben Nanavati Institute of Management & Research for Women | Smt. Hiraben Nanavati Institute of Management & Research for Women | 05/02/2010 | Everest publisher | 365.00 | 9316 | 658.15 INA B08180 | HIMR-BK-8180 | 25/01/2023 | 256.00 | 25/01/2010 | Books | B08180 | |||
| Withdrawn 2022-23 | Smt. Hiraben Nanavati Institute of Management & Research for Women | Smt. Hiraben Nanavati Institute of Management & Research for Women | 05/02/2010 | Everest publisher | 365.00 | 9316 | 658.15 INA B08178 | HIMR-BK-8178 | 25/01/2023 | 256.00 | 25/01/2010 | Books | B08178 | |||
| Withdrawn 2022-23 | Smt. Hiraben Nanavati Institute of Management & Research for Women | Smt. Hiraben Nanavati Institute of Management & Research for Women | 05/02/2010 | Everest publisher | 365.00 | 9316 | 658.15 INA B08177 | HIMR-BK-8177 | 25/01/2023 | 256.00 | 25/01/2010 | Books | B08177 | |||
| Withdrawn 2022-23 | Smt. Hiraben Nanavati Institute of Management & Research for Women | Smt. Hiraben Nanavati Institute of Management & Research for Women | 05/02/2010 | Everest publisher | 365.00 | 9316 | 658.15 INA B08179 | HIMR-BK-8179 | 25/01/2023 | 256.00 | 25/01/2010 | Books | B08179 | |||
| Withdrawn 2022-23 | Smt. Hiraben Nanavati Institute of Management & Research for Women | Smt. Hiraben Nanavati Institute of Management & Research for Women | 05/02/2010 | Everest publisher | 365.00 | 9316 | 658.15 INA B08181 | HIMR-BK-8181 | 25/01/2023 | 256.00 | 25/01/2010 | Books | B08181 | |||
| Withdrawn | Smt. Hiraben Nanavati Institute of Management & Research for Women | Smt. Hiraben Nanavati Institute of Management & Research for Women | 12/06/1997 | Varma Book Distributor | 145.00 | 113 | 658.15 INA B00288 | HIMR-BK-288 | 25/01/2023 | 123.00 | 12/06/1997 | Books | B00288 | |||
| Withdrawn 2022-23 | Smt. Hiraben Nanavati Institute of Management & Research for Women | Smt. Hiraben Nanavati Institute of Management & Research for Women | 31/01/2009 | The Forward Books | 345.00 | 2357 | 658.15 INA B07101 | HIMR-BK-7101 | 25/01/2023 | 276.00 | 27/01/2009 | Books | B07101 | |||
| Withdrawn 2022-23 | Smt. Hiraben Nanavati Institute of Management & Research for Women | Smt. Hiraben Nanavati Institute of Management & Research for Women | 16/12/2004 | Satya Gilani | 285.00 | 658.15 INA B04241 | HIMR-BK-4241 | 25/01/2023 | 241.99 | 25/01/2023 | Books | B04241 |